LEADER 01769nam 2200493Ia 450 001 9910699203003321 005 20230902162240.0 035 $a(CKB)5470000002401881 035 $a(OCoLC)496115459 035 $a(EXLCZ)995470000002401881 100 $a20100107d1985 ua 0 101 0 $aeng 135 $aurbn||||||||| 181 $ctxt$2rdacontent 182 $cc$2rdamedia 183 $acr$2rdacarrier 200 10$aCharacterization of EMI generated by the discharge of a "VOLT" solar array$b[electronic resource] $efinal report /$fPhilip Leung 210 1$aPasadena, Calif. :$cNational Aeronautics and Space Administration, Jet Propulsion Laboratory, California Institue of Technology,$d[1985] 215 $a1 volume 225 1 $aNASA CR ;$v176537 300 $aTitle from title screen (viewed Jan. 6, 2010). 300 $a"November 1, 1985." 300 $a"JPL publication 85-82." 320 $aIncludes bibliographical references. 410 0$aNASA contractor report ;$vNASA CR-176537. 517 $aCharacterization of EMI generated by the discharge of a "VOLT" solar array 606 $aHigh voltages$2nasat 606 $aPlasma interactions$2nasat 606 $aSolar arrays$2nasat 606 $aSpace plasmas$2nasat 606 $aSpacecraft power supplies$2nasat 615 7$aHigh voltages. 615 7$aPlasma interactions. 615 7$aSolar arrays. 615 7$aSpace plasmas. 615 7$aSpacecraft power supplies. 700 $aLeung$b Philip$01410317 712 02$aJet Propulsion Laboratory (U.S.) 801 0$bGPO 801 1$bGPO 906 $aBOOK 912 $a9910699203003321 996 $aCharacterization of EMI generated by the discharge of a "VOLT" solar array$93498737 997 $aUNINA LEADER 01738nam0 22003491i 450 001 UON00089432 005 20231205102503.62 010 $a31-10-09537-8 100 $a20020107d1984 |0itac50 ba 101 $ager 102 $aDE 105 $a|||| ||||| 200 1 $aˆDas ‰Statuenprogramm des Herodes-Atticus-Nymphäums$fvon Renate Bol$gmit Beiträgen von Adolf Hoffmann und Leonard Schumacher 210 $aBerlin$aNew York$cDe Gruyter$d1984. ix$d210 p.$cill.$d70 p. di tav., 6 cart. ; 29 cm. In testa al front.: Deutsches Archäologisches Institut. 410 1$1001UON00087265$12001 $aOlympische Forschungen$fhrsg. von Emil Kunze$1210 $aBerlin$cWalter de Gruyter. In testa al front.: Deutsches archäologisches Institut.$v15 606 $aNINFEI$xOlimpia$3UONC026737$2FI 606 $aOLIMPIA$xNinfei$3UONC026738$2FI 606 $aOLIMPIA$xSculture$3UONC026239$2FI 620 $aDE$dBerlin$3UONL003157 676 $a722.61$cArchitettura egea, minoica, micenea$v21 700 1$aBOL$bRenate$3UONV056752$0218968 702 1$aHOFFMANN$bAdolf$3UONV056753 702 1$aSCHUMACHER$bLeonhard$3UONV056754 712 12$aDeutsches Archäologisches Institut Berlin$3UONV056176 712 $aDe Gruyter$3UONV248587$4650 791 02$aIstituto Archeologico Germanico $zDeutsches Archäologisches Institut Berlin$3UONV056177 801 $aIT$bSOL$c20250411$gRICA 899 $aSIBA - SISTEMA BIBLIOTECARIO DI ATENEO$2UONSI 912 $aUON00089432 950 $aSIBA - SISTEMA BIBLIOTECARIO DI ATENEO$dSI N 1 OLYMPIA 001 15 $eSI MC 16702 7 15 996 $aStatuenprogramm des Herodes-Atticus-Nymphaums$9289365 997 $aUNIOR